00473 a2200169 450000100060000002000150000604000240002124000380004524500330008330000070011636200090012344000150013265000310014794200070017895201010018599900170028670211 a8516036545 cAnchieta - Itaigara10aA menina que aprendeu a voarlpor10aA menina que aprendeu a voar a310 a2006 1aSalamandra 4aLiteratura infanto-juvenil cBK 00104070a88.1b88.1d2023-11-21l0o028.5 MENp3439/ITAr2023-11-21 20:05:09w2023-11-21yBK c70211d70211